Central Library OPAC University of Rajshahi

Selections from Arabic geographical literature / (Record no. 80059)

MARC details
000 -LEADER
fixed length control field 00734nam a2200241 a 4500
001 - CONTROL NUMBER
control field 80059)
003 - CONTROL NUMBER IDENTIFIER
rucl marc code BD-RjUL
005 - DATE AND TIME OF LATEST TRANSACTION
control field 20220629132138.0
008 - FIXED-LENGTH DATA ELEMENTS--GENERAL INFORMATION
fixed length control field 220629s1907 ne 000 0 ara d
035 ## - SYSTEM CONTROL NUMBER
System control number (BD-RjUL)80059)
040 ## - CATALOGING SOURCE
Original cataloging agency HAI
Language of cataloging eng
Transcribing agency BD-RjUL
041 0# - LANGUAGE CODE
Language code of text/sound track or separate title ara
082 ## - DEWEY DECIMAL CLASSIFICATION NUMBER
Edition number 23
Classification number 910.91767
Author mark and year GOS 1907
100 1# - MAIN ENTRY--PERSONAL NAME
Personal name Goeje, M. J. de
Fuller form of name (Michael Jan),
Dates associated with a name 1836-1909
9 (RLIN) 3944
245 10 - TITLE STATEMENT
Title Selections from Arabic geographical literature /
Statement of responsibility, etc. M J de Goeje
260 ## - PUBLICATION, DISTRIBUTION, ETC. (IMPRINT)
Place of publication, distribution, etc. Leiden :
Name of publisher, distributor, etc. Brill,
Date of publication, distribution, etc. 1907
300 ## - PHYSICAL DESCRIPTION
Pagination x, 114 p. ;
Size 20 cm.
490 ## - SERIES STATEMENT
Series statement Semitic study series;
Volume/sequential designation no. 8
650 #4 - SUBJECT ADDED ENTRY--TOPICAL TERM
Topical term or geographic name as entry element Arabic language
Form subdivision Readers
9 (RLIN) 1519
Topical term or geographic name as entry element Geography, Medieval
9 (RLIN) 3945
830 ## - SERIES ADDED ENTRY--UNIFORM TITLE
Uniform title Semitic study series;
Volume number/sequential designation no. 8
942 ## - ADDED ENTRY ELEMENTS (KOHA)
Source of classification or shelving scheme Dewey Decimal Classification
Koha item type Books
Holdings
Lost status Source of classification or shelving scheme Damaged status Not for loan Collection code Permanent Location Current Location Shelving location Date acquired Source of acquisition Cost, normal purchase price Total Checkouts Full call number Date last seen Copy number Koha item type
  Dewey Decimal Classification   Not For Loan Non-fiction Central Library, University of Rajshahi Central Library, University of Rajshahi Reading Room 26/04/1967 mirza book, 9.00   910.91767 GOS 1907 29/06/2022 C-1 Books